Представление документа в формате RUSMARC

ПолеНазваниеЗначение
  Тип записи i
  Библиографический уровень m
001 Контрольный номер RU/IS/BASE/357317752
005 Дата корректировки 20201206204803.0
010 Индекс ISBN __
d Цена 303-26
101 Язык документа __
a Язык текста rus
c Язык оригинала fre
200 Заглавие и сведения об ответственности 1_
a Заглавие Человек, который смеется
e Сведения, относящиеся к заглавию [аудиокнига : роман]
f Первые сведения об ответственности Виктор Гюго ; читает Владимир Маслаков ; [пер. Б. Лившица]
b Общее обозначение материала Звукозапись
210 Выходные данные __
a Место издания М.
c Издательство Аудиокнига
d Дата издания 2010
215 Физическое описание __
a Объем 2 электрон. опт. диска (Audio CD) (25 ч.)
225 Серия __
a Серия Школьная библиотека
300 Общие примечания __
a Общие примечания MP3 ; 128 kbps ; AudioCD ; Windows 9x-XP ; CD-ROM ; звуковая карта
323 Примечание о главных создателях, исполнителях, участниках __
a Примечание о главных создателях, исполнителях, участниках Маслаков, В. (читает)
330 Аннотация __
a Аннотация Развитие событий, драматично и динамичное, неожиданные перемены в судьбах героев, то сулящие счастье, то, повергающие в отчаяние, увлекают вас в мир необыкновенных приключений. А авторские отступления, содержащие рассуждения исторического, философского и общекультурного характера, позволяют вам лучше узнать о жизни людей того времени.
333 Примечание о целевом назначении __
a Примечание о целевом назначении 16+. Для детей старше 16 лет
606 Тематические рубрики __
a Основная рубрика Художественная литература
606 Тематические рубрики __
a Основная рубрика Литература Европы (произведения)
610 Ключевые слова __
a Ключевые слова французская литература; романы; тема человека; тема природы; тема судьбы; тема любви; тема благородства; тема аристократии; классическая литература; зарубежная литература; иностранная литература
686 Индексы других классификаций __
a Классификационный индекс 84(4Фра)-4я04
700 Автор _1
a Фамилия Гюго
b Имя В.
g Полное личное имя Виктор
4 Код отношения 070
702 Вторичная интеллектуальная ответственность _1
a Фамилия Лившиц
b Имя Б.
4 Код отношения Переводчик
801 Источник записи _0
a Страна RU
b Организация Муниципальное бюджетное учреждение культуры "Централизованная библиотечная система" г. Сургут (Центральная городская библиотека им. А. С. Пушкина)
g Правила каталогизации КиК/Поспелова
801 Источник записи _1
a Страна RU
b Организация Муниципальное бюджетное учреждение культуры "Централизованная библиотечная система" г. Сургут (Центральная городская библиотека им. А. С. Пушкина)
g Правила каталогизации КиК/Поспелова
852 Данные о местонахождении __
j Шифр хранения 84(4Фра)-4я04
i Авторский знак Г 99
901 Тип документа __
t Тип документа 0
903 Характеристики (МАРС) __
a Дата передачи 20110428
969 Тип издания __
a Тип издания аудиокнига
990 Данные о заказе (DOS) __
j Количество экземпляров (DOS) 1
h N записи в КСУ для Б/У (DOS) 201106